Statistics for Top 10 Most Populous U.S. Cities Starting With O

Click here to take the quiz!

General Stats

  • This quiz has been taken 39 times
  • The average score is 6 of 10

Answer Stats

StateAnswerPopulation% Correct
OklahomaOklahoma City707 k
100%
NebraskaOmaha478 k
95%
FloridaOrlando328 k
86%
CaliforniaOakland419 k
84%
KansasOverland Park197 k
59%
CaliforniaOntario181 k
54%
KansasOlathe149 k
49%
CaliforniaOxnard197 k
43%
CaliforniaOrange133 k
38%
CaliforniaOceanside170 k
30%

Score Distribution

Percentile by Number Answered

Percent of People with Each Score

Your Score History

You have not taken this quiz